|
|
|
|
| LEADER |
01500nam a2200421 a 4500 |
| 001 |
001413086 |
| 003 |
CZ BrMZK |
| 005 |
20151030084432.0 |
| 007 |
ta |
| 008 |
140819s2012 xxk e p 001 0 eng |
| 020 |
|
|
|a 978-0-00-742375-0
|q (brož.)
|
| 040 |
|
|
|a BOA001
|b cze
|
| 072 |
|
7 |
|a 811.111
|x Angličtina
|2 Konspekt
|9 11
|
| 072 |
|
7 |
|a 37.016
|x Učební osnovy. Vyučovací předměty. Učebnice
|2 Konspekt
|9 22
|
| 080 |
|
|
|a 811.111
|2 MRF
|
| 080 |
|
|
|a 81'373
|2 MRF
|
| 080 |
|
|
|a 658.114
|2 MRF
|
| 080 |
|
|
|a 81'373.46
|2 MRF
|
| 080 |
|
|
|a (07.063)81
|2 MRF
|
| 100 |
1 |
|
|a Capel, Will
|7 xx0096988
|4 aut
|
| 245 |
1 |
0 |
|a Business vocabulary in practice /
|c Will Capel, Jamie Flockhart & Sue Robbins
|
| 250 |
|
|
|a 3rd ed.
|
| 260 |
|
|
|a London :
|b Collins,
|c 2012
|
| 300 |
|
|
|a 173 s. ;
|c 28 cm
|
| 500 |
|
|
|a Obsahuje rejstřík
|
| 500 |
|
|
|a Na obálce označení: CEF level B1-B2
|
| 650 |
0 |
7 |
|a angličtina
|7 ph114056
|2 czenas
|
| 650 |
0 |
7 |
|a slovní zásoba
|7 ph166083
|2 czenas
|
| 650 |
0 |
7 |
|a podnikání
|7 ph115766
|2 czenas
|
| 650 |
0 |
7 |
|a oborová terminologie
|7 ph138998
|2 czenas
|
| 653 |
0 |
|
|a jazyková úroveň B1
|a jazyková úroveň B2
|
| 655 |
|
7 |
|a jazykové učebnice, texty, příručky (B)
|7 fd600891
|2 czenas
|
| 700 |
1 |
|
|a Flockhart, Jamie
|7 jcu2013740734
|4 aut
|
| 700 |
1 |
|
|a Robbins, Sue
|7 pna2007397349
|4 aut
|
| 910 |
|
|
|a BOA001
|b 3-1326.378
|
| 990 |
|
|
|a BK
|
| 991 |
|
|
|b 201409
|e n
|x 99
|
| 996 |
7 |
|
|b 2610601334
|c 3-1326.378
|l Anglická knihovna/2.patro
|r ZHR
|n 41
|p kup
|h EB
|w 001448337
|u 000010
|a 0
|e BOA001
|j MZK50
|s A
|